| 000 | 00644nam a2200265Ia 4500 | ||
|---|---|---|---|
| 008 | 160803s9999 xx 000 0 und d | ||
| 020 | _a9780439329668 | ||
| 100 | _aLangton, Jane | ||
| 245 | 4 | _aThe time bike / | |
| 245 | _cJane Langton. | ||
| 260 | _aNew York : | ||
| 260 | _bScholastic Inc. | ||
| 260 | _c2000 | ||
| 300 | _a176 pages ; | ||
| 300 | _c22 cm | ||
| 650 | _aBicycles and bicycling -- | ||
| 650 | _aCycling -- | ||
| 650 | _aCycling. | ||
| 650 | _aTime travel -- | ||
| 650 | _aTime travel -- Fiction. | ||
| 650 | _xFiction. | ||
| 650 | _xJuvenile fiction. | ||
| 650 | _xJuvenile fiction. | ||
| 700 | _a810 | ||
| 999 |
_c298412 _d298412 |
||